[Event "CZE-ch U10 Girls"]
[Site "Kouty nad Desnou"]
[Date "2011.03.14"]
[Round "3"]
[White "Kanokova, Martina"]
[Black "Strnadova, Tereza"]
[Result "1-0"]
[WhiteElo "1250"]
[BlackElo "1100"]
[PlyCount "33"]
[EventDate "2011.03.12"]
[EventType "swiss"]
[EventRounds "9"]
[EventCountry "CZE"]
[SourceTitle "EXT 2014"]
[Source "ChessBase"]
[SourceDate "2013.11.20"]
[SourceVersion "1"]
[SourceVersionDate "2013.11.20"]
[SourceQuality "1"]

1. e4 e5 2. Nf3 Nc6 3. Nc3 Nf6 4. Bb5 Bb4 5. 0-0 a6 6. Ba4 b5 7. Bb3 0-0 8. d4 exd4 9. Nxd4 Bxc3 10. bxc3 Nxe4 11. Qe1 Re8 12. Qe3 Ne5 13. f3 Nc5 14. Re1 d6 15. Kh1 Qf6 16. f4 Ng4 17. Qxe8# 1-0

[Event "CZE-ch U10 Girls"]
[Site "Kouty nad Desnou"]
[Date "2011.03.14"]
[Round "4"]
[White "Strnadova, Tereza"]
[Black "Tumova, Anna"]
[Result "0-1"]
[WhiteElo "1100"]
[BlackElo "1000"]
[PlyCount "52"]
[EventDate "2011.03.12"]
[EventType "swiss"]
[EventRounds "9"]
[EventCountry "CZE"]
[SourceTitle "EXT 2014"]
[Source "ChessBase"]
[SourceDate "2013.11.20"]
[SourceVersion "1"]
[SourceVersionDate "2013.11.20"]
[SourceQuality "1"]

1. e4 e5 2. Nf3 Nc6 3. Bc4 Bc5 4. 0-0 d6 5. c3 Bg4 6. d4 exd4 7. cxd4 Nxd4 8. Nbd2 Qf6 9. Re1 Ne7 10. h3 Bh5 11. a3 b5 12. Bd5 Nxd5 13. exd5+ Ne6 14. dxe6 fxe6 15. a4 b4 16. a5 0-0 17. Ra4 d5 18. Qb3 Qf4 19. Qa2 Rf6 20. Re3 Bxe3 21. fxe3 Qxe3+ 22. Kh2 Rg6 23. Qb3 Qf2 24. Nb1 Rxg2+ 25. Kh1 Qf1+ 26. Ng1 Qxg1# 0-1